000 00358nam a2200157Ia 4500
008 151213s9999 xx 000 0 und d
100 _aN. G. Mankiw
245 _aEconomics
_cN. G. Mankiw
250 _a1st
260 _aSpain
_bThomson
_c2005
300 _a4272 p.
650 _aEconomics
650 _aEconomics
700 _aN. G. Mankiw
999 _c2695
_d2695